000
00221 a2200109 4500
020
_a
9781930332980
041
_a
spa
100
_a
Mary Pope Osborne
245
_a
Leones ala hora del Almuerzo
942
_c
BK
952
_7
1
999
_c
17048
_d
17048